Primi 15 paesi interessati da Covid-19 - 3 giugno 2021 - Statistics

Statistiche generali
  • Questo quiz è stato fatto 6 volte
  • Il punteggio medio è 13 su 27
Statistiche sulle risposte
totale
casi
guadagno
giornaliero
tasso per
milioni
paese % Corretto
5 694 076 9848 87 056 Francia
100%
4 225 163 2482 Italia
100%
4 499 878 3165 Regno Unito
100%
5 099 182 9500 Russia
100%
34 173 532 12 757 102 688 Stati Uniti
100%
3 884 447 35 355 Argentina
83%
16 803 472 77 898 Brasile
83%
3 701 690 2990 Germania
83%
3 693 012 4388 Spagna
83%
2 423 928 932 Messico
67%
91 556 Belgio
50%
3 488 046 25 966 Colombia
50%
28 572 359 133 228 India
50%
96 507 Paesi Bassi
50%
2 874 092 583 Polonia
33%
105 205 Svezia
33%
5 270 299 7112 Turchia
33%
87 487 Croazia
17%
97 870 Estonia
17%
2 945 100 10 687 Iran
17%
90 021 Israele
17%
102 543 Lituania
17%
122 029 Slovenia
17%
87 353 Uruguay
17%
140 499 Bahrain
0%
154 988 Cechia
0%
87 136 Georgia
0%
Nessun quiz corrispondente trovato
Distribuzione punteggi
Percentuale di utenti per punteggio
Percentile per numero di risposta
I tuoi punteggi nel tempo
Non hai fatto questo quiz